تصميم صفحات الويب فى خطوات سهلة = (رقم التسجيلة. 89592)

تفاصيل مارك
000 -LEADER
fixed length control field 01144cam a2200301 a 4500
003 - CONTROL NUMBER IDENTIFIER
control field EG-GiCUC
008 - FIXED-LENGTH DATA ELEMENTS--GENERAL INFORMATION
fixed length control field 061129s1999 ua a f 000 0 ara d
017 ## - COPYRIGHT OR LEGAL DEPOSIT NUMBER
Copyright or legal deposit number 1999 / 9844
Assigning agency مصر.دار الكتب
020 ## - INTERNATIONAL STANDARD BOOK NUMBER
International Standard Book Number 9773070433
040 ## - CATALOGING SOURCE
Original cataloging agency EG-GiCUC
Language of cataloging ara
Transcribing agency EG-GiCUC
050 #4 - LIBRARY OF CONGRESS CALL NUMBER
Classification number TK5105.888.
Item number A9 1999
092 04 - LOCALLY ASSIGNED DEWEY CALL NUMBER (OCLC)
Classification number 005.72
Item number A9351
Edition number 21
099 ## - LOCAL FREE-TEXT CALL NUMBER (OCLC)
Classification number 04
-- 005.72 A9351
100 1# - MAIN ENTRY--PERSONAL NAME
Personal name اوستين: بريان.
240 10 - UNIFORM TITLE
Uniform title Web page design in easy steps.
Language of a work Arabic
245 10 - TITLE STATEMENT
Title تصميم صفحات الويب فى خطوات سهلة =
Remainder of title Web page design in easy steps /
Statement of responsibility, etc. تأليف بريان اوستين
246 21 - VARYING FORM OF TITLE
Title proper/short title Web page design in easy steps.
250 ## - EDITION STATEMENT
Edition statement ط.1.
260 ## - PUBLICATION, DISTRIBUTION, ETC.
Place of publication, distribution, etc. القاهرة :
Name of publisher, distributor, etc. دار الفاروق للنشر و التوزيع :
Date of publication, distribution, etc. 1999
300 ## - PHYSICAL DESCRIPTION
Extent 190 ص. :
Other physical details ايض.؛
Dimensions 25سم.
500 ## - GENERAL NOTE
General note على الغلاف : اعداد قسم الترجمة بدار الفاروق / خالد العامرى : ثناء الشامى
650 #4 - SUBJECT ADDED ENTRY--TOPICAL TERM
Topical term or geographic name entry element الويب
General subdivision .تصميم
650 #4 - SUBJECT ADDED ENTRY--TOPICAL TERM
Topical term or geographic name entry element نشر الويب.
902 ## - LOCAL DATA ELEMENT B, LDB (RLIN)
No. of Items 1
905 ## - LOCAL DATA ELEMENT E, LDE (RLIN)
Cataloger جيهان
Reviser مدخل
905 ## - LOCAL DATA ELEMENT E, LDE (RLIN)
Cataloger جيهان
Reviser مراجع
942 ## - ADDED ENTRY ELEMENTS (KOHA)
Source of classification or shelving scheme Dewey Decimal Classification
Koha item type Books
المقتنيات
Source of classification or shelving scheme Not for loan Home library Current library Date acquired Full call number Barcode Date last seen Copy number Koha item type
Dewey Decimal Classification   المكتبة المركزبة الجديدة - جامعة القاهرة قاعة الكتب - الدور الثاني 11.02.2024 005.72 A9351 01000100107159000 22.09.2023 C.1 Books
Cairo University Libraries Portal Implemented & Customized by: Eng. M. Mohamady Contacts: new-lib@cl.cu.edu.eg | cnul@cl.cu.edu.eg
CUCL logo CNUL logo
© All rights reserved — Cairo University Libraries
CUCL logo
Implemented & Customized by: Eng. M. Mohamady Contact: new-lib@cl.cu.edu.eg © All rights reserved — New Central Library
CNUL logo
Implemented & Customized by: Eng. M. Mohamady Contact: cnul@cl.cu.edu.eg © All rights reserved — Cairo National University Library